000 00835nam a22002057a 4500
003 OSt
005 20250211172318.0
008 241005b |||||||| |||| 00| 0 eng d
040 _c0
100 _aDela Cruz, Henry James D.
_eauthor.
_962344
245 _aEarthquake preparedness of um Digos College :
_ban assessment /
_cHenry James D. Dela Cruz, Cherimie M. Garcia, Leelen C. Villanueva, and Hipolito B. Quillip Jr.
260 _aPhilippines ;
_bUniversity of Mindanao,
_c2022.
300 _avolume 14, pages 433-443,
_billustration.
500 _aResearch Journal, v. 14, iss. 1, pages 433-443, 2022.
700 _aDela Cruz, Henry James D.
_920433
700 _aGarcia, Cherimie M.
_eauthor.
_965069
700 _aVillanueva, Leelen C.
_eauthor.
_965070
700 _aQuillip, Hipolito B. Jr.
_eauthor.
_965071
942 _2ddc
_cPER
999 _c22251
_d22251